Teorías en movimiento: los orígenes disciplinares de la política exterior y sus interpretaciones históricas
Spremljeno u:
| Glavni autor: | |
|---|---|
| Format: | Knjiga |
| Jezik: | španjolski |
| Izdano: |
Rosario
Prohistoria
2012
|
| Teme: | |
| Oznake: |
Dodaj oznaku
Bez oznaka, Budi prvi tko označuje ovaj zapis!
|
MARC
| LEADER | 00000cam a2200000 a 4500 | ||
|---|---|---|---|
| 001 | UCF3019 | ||
| 003 | CL-VaPUC | ||
| 008 | 120914e20120000AG |||||||||||||||||spa|d | ||
| 020 | |a 9789871855100 | ||
| 082 | 0 | 4 | |a 327.1 |b SIM |2 21 |
| 100 | 0 | |a Simonoff, Alejandro |e author |9 564903 | |
| 245 | 1 | 0 | |a Teorías en movimiento: los orígenes disciplinares de la política exterior y sus interpretaciones históricas |
| 300 | |a 147 p | ||
| 942 | |c BK | ||
| 945 | |d 20120914 00:00:00 |a dcastane | ||
| 260 | |a Rosario |b Prohistoria |c 2012 | ||
| 650 | 0 | |a Relaciones Internacionales |9 255740 | |
| 650 | 0 | |a Política exterior |9 316628 | |
| 583 | |a last modification |c 20120914 00:13:00 |k Rodrigo Vera | ||
| 999 | |c 349541 |d 349539 | ||
| 952 | |0 0 |1 0 |4 0 |6 327_100000000000000_SIM_2012 |7 0 |8 A |9 452178 |a BIBCUR |b BIBCUR |d 2019-11-22 |i 4904303 |o 327.1 SIM 2012 |p 4904303 |r 2025-04-22 |w 2019-11-22 |y BK |k PER | ||